00420nam a2200169Ia 4500003000400000005001700004008004100021040000700062041000800069082001900077100002400096245004500120260004000165365001300205650001400218650001800232OSt20230530150625.0210423s2002 xx 000 0 und d cAL aeng a305.4 PANP223 aPANDEY (Veena Pani) aProblems of womens marriage and violence aNew DelhibMohit Publicationsc2002 b525cINR aSociology aWomen Studies